| 000 | 00474nam a2200229Ia 4500 | ||
|---|---|---|---|
| 003 | IT-RoPAU | ||
| 008 | 120407s9999 xx 000 0 und d | ||
| 040 | _aIT-RoPAU | ||
| 040 | _cIT-RoPAU | ||
| 041 | _aita | ||
| 100 | _aMario Pomilio | ||
| 245 | _aIl Natale del 1833 .8a ed. | ||
| 250 | _aMilano | ||
| 260 | _aRusconi | ||
| 260 | _c1983 | ||
| 300 | _a140 p. | ||
| 300 | _c22 cm | ||
| 490 | _aNarrativa Rusconi | ||
| 490 | _v1 | ||
| 942 | _cBK | ||
| 999 |
_c25574 _d25574 |
||